| 000 | 02936cam a2200373 4500500 | ||
|---|---|---|---|
| 005 | 20260222002713.0 | ||
| 041 | _afre | ||
| 042 | _adc | ||
| 100 | 1 | 0 |
_aDelanoé-Vieux, Carine _eauthor |
| 700 | 1 | 0 |
_aCoirié, Marie _eauthor |
| 700 | 1 | 0 |
_aBouhallier, Gaspard _eauthor |
| 700 | 1 | 0 |
_aFontaine, Coline _eauthor |
| 700 | 1 | 0 |
_aSalabay, Benjamin _eauthor |
| 245 | 0 | 0 | _aPerray-Vaucluse. Anamnèse d’un hôpital en reconversion |
| 260 | _c2021. | ||
| 500 | _a98 | ||
| 520 | _aLe présent article témoigne de la démarche du Lab-ah, laboratoire de l’accueil et de l’hospitalité du GHU Paris psychiatrie & neurosciences, relative à l’accompagnement culturel et mémoriel des professionnels du site historique de Perray-Vaucluse (Essonne), reconverti en raison du transfert de ses activités sanitaires vers Paris. Professionnels, chercheurs, designers et artistes se sont fédérés autour d’une Maison du patrimoine pour interroger objets et sujets et témoigner de la « petite mémoire du quotidien » de l’hôpital. | ||
| 520 | _aThis article describes the approach that GHU Paris's psychiatry and neuroscience “Lab-ah” (laboratoire de l’accueil et de l’hospitalité—welcoming and hospitality lab) adopted to support the professionals who used to work at the long-established Perray-Vaucluse Hospital (Essonne) on a cultural and memorial level. When the hospital's activities were transferred to Paris, Perray-Vaucluse had to be gradually repurposed. Practitioners, researchers, designers, and artists are working together on the concept of a “heritage home,” aimed at examining former objects and subjects and better capturing the memory of the hospital's “everyday life.” | ||
| 520 | _aEste artículo da fe de los pasos dados por el Lab-ah - laboratorio de acogida y de la hospitalidad del GHU París psiquiatría & neurociencias – con relación al acompañamiento cultural y memorial de los profesionales del sitio histórico de Perray-Vaucluse (Essonne) reconvertido por motivo de la transferencia de sus actividades sanitarias hacia París. Profesionales, investigadores, diseñadores y artistas se han federado en torno a una Casa del patrimonio para interrogar objetos y sujetos y dar fe de la pequeña memoria de la “pequeña memoria de lo cotidiano” del hospital. | ||
| 690 | _acentre hospitalier de Perray-Vaucluse | ||
| 690 | _aculture | ||
| 690 | _ahistoire | ||
| 690 | _ahôpital psychiatrique | ||
| 690 | _apatrimoine hospitalier | ||
| 690 | _atémoignage | ||
| 690 | _aculture | ||
| 690 | _ahistory | ||
| 690 | _ahospital heritage | ||
| 690 | _aPerray-Vaucluse Hospital | ||
| 690 | _apsychiatric hospital | ||
| 690 | _astories | ||
| 786 | 0 | _nL'information psychiatrique | Volume 97 | 1 | 2021-02-02 | p. 63-69 | 0020-0204 | |
| 856 | 4 | 1 | _uhttps://stm.cairn.info/revue-l-information-psychiatrique-2021-1-page-63?lang=fr&redirect-ssocas=7080 |
| 999 |
_c1665652 _d1665652 |
||